| 000 | 00755nam a22002297a 4500 | ||
|---|---|---|---|
| 005 | 20250724111913.0 | ||
| 010 | _aENG-146115-117 | ||
| 020 |
_a9789364440974 _c10000.00(Set of 3 Vol) |
||
| 035 | _aEN-129647-649 | ||
| 037 | _bDBAD | ||
| 082 | 1 | 4 |
_a181.493 _24 |
| 100 |
_aDattamajumdar,Satarupa _983228 |
||
| 245 |
_aTreasures of Knowledge/ _cCompiled by Sujata Mishra |
||
| 250 | _a1 | ||
| 260 |
_aKolkata _bThe Asiatic Society _c2024 |
||
| 270 |
_a1, Park Street _bKolkata _cWest Bengal _e700 016 |
||
| 300 |
_axiv,1571p. _c24cm (Hb) |
||
| 490 | _v1,2,3 | ||
| 500 | _aThe Academic Transactions in the Asiatic Society upto Pre-Independence Period | ||
| 700 |
_aMishra, Sujata _eCompilor _983227 |
||
| 942 |
_cEN _2ddc _mTRE _h181.493 |
||
| 999 |
_c212526 _d212526 |
||